Vplyv zahraničného kapitálu na finančné výsledky podnikov počas hospodárskej krízy
Stanovenie vplyvu zahraničného kapitálu na možnosti podnikov efektívnejšie bojovať s krízou alebo ju prekonať s lepšími finančnými výsledkami.
Guardado en:
| Autor principal: | |
|---|---|
| Formato: | Capítulo de libro |
| Lenguaje: | eslovaco |
| Materias: | |
| Etiquetas: |
Sin Etiquetas, Sea el primero en etiquetar este registro!
|
MARC
| LEADER | 00000nla$a2200000$$$4500 | ||
|---|---|---|---|
| 001 | 0144962 | ||
| 005 | 20240502072612.9 | ||
| 041 | 0 | |a slo | |
| 044 | |a SK | ||
| 245 | 1 | 0 | |a Vplyv zahraničného kapitálu na finančné výsledky podnikov počas hospodárskej krízy |c Veronika Barátová |
| 520 | |a Stanovenie vplyvu zahraničného kapitálu na možnosti podnikov efektívnejšie bojovať s krízou alebo ju prekonať s lepšími finančnými výsledkami. | ||
| 610 | 2 | 0 | |a kríza hospodárska |
| 610 | 2 | 0 | |a kapitál zahraničný |
| 100 | 1 | |a Barátová, Veronika | |